000 003110000a22001450004500
003 MACL
040 _aMACL
090 _c6556
_d6555
100 _aSwami Lokeswarananda
245 _aThe Religions of the World
260 _bSwami Lokeswarananda
_c1987
350 _a50
650 _aReligion
942 _cBOOK
_k294
999 _c6508
_d6508